000 006780000a22002410004500
090 _aAR
_b01372
245 1 0 _aFood habits of cave bats from Zambia, Africa
650 1 4 _aHábitos alimentarios
_93824
650 1 4 _aCavernas
_993465
650 1 4 _aMurciélagos
_92659
650 1 4 _aInsectívoros
_993041
651 4 _pZambia
_992749
653 _fHipposideridae
653 _fVespertilionidae
653 _fNycteridae
653 _fRhinolophidae
041 0 _aInglés
700 1 _aSchmidly, David J.
_994677
700 1 _aCulberston, Kaye L.
_994678
100 1 _aYates, Terry L.
_994679
942 _cARTICULO
773 1 _tJournal of Mammalogy
_3106
_h1
_q199-205
_d1976
_g57
999 _c10457
_d10457